1221 1587 1270 1157 1339 1654 1320 1186 1827 1067 1193 1258 1301 1195 1272 1102 1784 1597 1598 1899 1754 1446 1126 1419 1878 1914 1976 1502 1435 1560 1624 1200 1350 1461 1551 1885 1913 1379 1964 1993 1284 1911 1077 1537 1110 1219 1758 1141 1216 1056 1964 1071 1272 1916 1248 1075 1813 1792 1399 1403 1425 1244 1041 1291 1989 1025 1288 1828 1547 1796 1651 1327 1858 1354 1447 1767 1379 1054 1396 1679 1694 1336 1801 1543 1907 1143 1211 1020 1589 1326 1131 1908 1102 1933 1309 1883 1316 1986 1382 BCNSPRNW ULIB Ver.6.0+V

เปลี่ยนเป็นภาษาไทย

Change to English
 แสดงรายละเอียดบรรณานุกรม
  กลับหน้าหลัก

Brief Record : Get Marc (ISO 2709) : E-mail record : QR code < ปิดหน้าต่าง
LEADER : 00000nam 2200000uu 4500
001    13399127190
003     ULIB
008    191021s2562||||th 000 0 tha d
020 ^- ^a9786163660626
050 ^- ^aนว.^bข562น
100 0^ aขวัญใจ เอมใจ.
245 10 ^aนางฟ้าที่(แสน)รัก /^cขวัญใจ เอมใจ.
250 ^- ^aพิมพ์ครั้งที่ 1.
260 ^- ^aนนทบุรี :^bดวงตะวัน,^c2562
300 ^- ^a447 หน้า.
945    ^p350^l0^i27882
999    ^aกัณชพร จุลอักษร
รายการนี้ยังไม่มีแท็ก
คุณยังไม่ได้ล็อกอิน คุณสามารถมีกิจกรรมร่วมกับเว็บไซต์ได้ แต่ต้องล็อกอินก่อน ::
  ล็อกอิน

รายการสื่อสารสนเทศ

ลำดับที่ ประเภท เลขเรียก/บาร์โค้ด สถานที่ สถานะ
1. วิทยาศาสตร์การแพทย์ และสุขภาพ
วิทยาศาสตร์การแพทย์ และสุขภาพ
นว. ข562น ฉ.1 
  Barcode: 27882
ห้องสมุดวิทยาเขตนครสวรรค์
►นวนิยาย:l:Fiction
บนชั้น

BibComment


ยังไม่เคยถูกคอมเมนท์

คอมเมนท์ทรัพยากรรายการนี้
  คอมเมนท์: นางฟ้าที่แสนรัก ..


 Copyright 2026. Bcnsprnw @Library